| 000 | 00534nam a22001817a 4500 | ||
|---|---|---|---|
| 003 | OSt | ||
| 005 | 20140310182453.0 | ||
| 008 | 130805t xxu||||| |||| 00| 0 eng d | ||
| 020 | _a1582797498 | ||
| 050 |
_aR 121 _b.N532 2006 |
||
| 245 |
_aThe new international standard medical and health encyclopedia / _cedited by; Richard J. Wagman |
||
| 260 |
_aUSA : _bTrident Press International, _cc2006. |
||
| 300 |
_a1363 p. : _c24 cm. |
||
| 650 |
_aMedical Health. _98181 |
||
| 942 |
_2lcc _cSSLC |
||
| 999 |
_c13692 _d13692 |
||